00771nam a2200181 a 450000100100000000500170001000800410002704000250006808200150009310000280010824500470013626000360018330000270021959000260024695201860027295201140045899900170057200003525620200930074217.0111026s1978 mx a r 000 0 spa d aDO-SdBNPbspacBNPHU axxxxbxxxx1 aKrishnamurti, J.96101310aA los pies del maestro /cJ. Krishnamurti. aMéxico :bVilabOrion,c1978. a92 p. :bil. ;c15 cm. aInventariado, 2019/BT 001050718MOaGRbGRcHDd2011-10-26iLF1l0oxxxx xxxxp35256-10r2020-06-25w2020-06-25y1zPerteneció a la biblioteca personal de Juan Isidro Jimenes Grullón.ZNo se presta 0010507-18MOaGRbGRcOId2011-10-26iLF1l0oxxxx xxxxp35257-10r2020-06-25w2020-06-25y1ZNo se presta c34747d34747